000 00610nam a2200217Ia 4500
001 3342
003 GE_BSU
008 181216s||||||||xx |||||||||||||| ||und||
040 _cGE_BSU
080 _a621.51.002
100 _aГидон,Л.М.
245 _aМонтаж поршневых компрессоров.
250 _aИзд 2-ое,перераб.и доп.
260 _aМ.
260 _bМашиностроение.
260 _c1974.
300 _a232стр.с илл.20 см.
300 _eтабл.
653 _aМонтаж поршневых компрессоров.
942 _cBK
999 _c37383
_d37383